000 01361nam a22002777a 4500
005 20170425143430.0
008 140714b xxu||||| |||| 00| 0 Urdu d
010 _aUR-289 B-548371 B-666037
020 _c295.00
_a9789383282432
035 _aU-289 B-548371 B-666037
037 _bBPPD/Publishers/Venders
037 _bKBD(Ven)/M.R.Pub.(Pub.)
040 _aDPL
_bUrdu
082 _a841
100 _aقا د ری ظہير صبا
245 _aسب ر نگ
_cقا د ری ظہير صبا
246 _aSab Rang(Poetry)
_bby Zaheer Saba Qadri
260 _bM.R. Publications (Publisher)
_bK.B.D..( Vender)
_c2014
260 _aB-1770,Near State Bank of India,Jahangir Puri,Delhi-110033
270 _b نئ د ھلی
_a#10، ميٹر و پو ل ما ر کيٹ،2724-25،پہلی منز ل کو چہ چيلا ن،د ر يا گنج
_e110002
_k9810784549، 9873156910
300 _a112ص
_c22Cm(Pb)
500 _aVol.-2
942 _2ddc
_cUR
_mق ا د
_h841
999 _c87862
_d87862